| 000 | 00793cab a22001815a 4500 | ||
|---|---|---|---|
| 001 | L144754 | ||
| 008 | 080807e20080618xxko f 000 0 eng d | ||
| 035 | _a(Sirsi) u144754 | ||
| 041 | 0 | _aeng | |
| 100 | 1 | _aPalles-Clark, Rob | |
| 245 | 0 | 0 | _aWeather events |
| 260 | _c2008 | ||
| 490 |
_aContract Journal _v443(6680) 18 June 2008, 28-29(2) |
||
| 520 | _aLooks at JCT and NEC conditions for adverse weather - under JCT weather must be exceptional and must adversely affect the works. Under NEC, however, a contractor must first establish: if there was an effect due to weather; whether it was sufficiently rare and if it amounts to a compensation event. | ||
| 651 | 4 |
_aUnited Kingdom _y |
|
| 690 | _aBUILT ENVIRONMENT-BUILDING CONTRACT FORMS-STANDARD FORMS OF BUILDING CONTRACT | ||
| 942 | _n0 | ||
| 999 |
_c80575 _d80575 |
||